[Event "Beat the rock solid Petroff defense "]
[Site "SchemingMind.com"]
[Date "2007.08.24"]
[Round "-"]
[White "tacticrules"]
[Black "Zugzwang"]
[Result "1-0"]
[WhiteCountry "GER"]
[BlackCountry "CAN"]
[WhiteElo "1677"]
[WhiteRD "51"]
[BlackElo "1406"]
[BlackRD "64"]
[GameID "117623"]

1. e4 e5 2. Nf3 Nf6 3. Nxe5 d6 4. Nf3 Nxe4 5. d4 d5 6. Bd3 Bd6 7. O-O O-O 8. c4 Bg4 9. cxd5 f5 10. h3 Bh5
11. Nc3 Nxc3 12. bxc3 Nd7 13. Re1 Nf6 14. Bg5 Qd7 15. Be2 Ne4 16. Bd2 Rf6 17. c4 Rg6 18. Nh4 Bxe2 19. Qxe2 Rf6 20. c5 Bxc5
21. dxc5 Nxc5 22. Qc4 Rd6 23. Qxc5 Rxd5 24. Qc4 Rd8 25. Bc3 c6 26. Rad1 Kf8 27. Rxd5 cxd5 28. Qd4
1-0

[Event "Beat the rock solid Petroff defense "]
[Site "SchemingMind.com"]
[Date "2007.08.24"]
[Round "-"]
[White "Zugzwang"]
[Black "tacticrules"]
[Result "0-1"]
[WhiteCountry "CAN"]
[BlackCountry "GER"]
[WhiteElo "1406"]
[WhiteRD "64"]
[BlackElo "1677"]
[BlackRD "51"]
[GameID "117632"]

1. e4 e5 2. Nf3 Nf6 3. d4 Nxe4 4. Bd3 d5 5. Nxe5 Nd7 6. Qe2 Nxe5 7. Bxe4 dxe4 8. Qxe4 Be7 9. Qxe5 O-O 10. O-O Be6
11. Nc3 Bf6 12. Qg3 Bxd4 13. Bh6 Bf6 14. Ne4 Re8 15. Rad1 Qe7 16. Rfe1 Rad8 17. Rxd8 Rxd8 18. Nxf6+ Qxf6 19. Qxc7 gxh6 20. Qxb7 Qd4
21. a3 Qd1 22. Kf1 Bc4+
0-1

[Event "Beat the rock solid Petroff defense "]
[Site "SchemingMind.com"]
[Date "2007.09.15"]
[Round "-"]
[White "Fred Fanelli"]
[Black "Theodoric"]
[Result "0-1"]
[WhiteCountry "USA"]
[BlackCountry "ENG"]
[WhiteElo "1575"]
[WhiteRD "85"]
[BlackElo "1828"]
[BlackRD "57"]
[GameID "120658"]

1. e4 e5 2. Nf3 Nf6 3. d4 Nxe4 4. Nxe5 d5 5. Bd3 Nd7 6. Bxe4 dxe4 7. O-O Nxe5 8. dxe5 Bf5 9. Nc3 c6 10. Re1 Be7
11. Qxd8+ Rxd8 12. Nxe4 Bxe4 13. Bf4 Bxc2 14. Rac1 Bf5 15. h3 O-O 16. g4 Be6 17. Be3 a6 18. Kf1 Bxa2 19. Bb6 Rd5 20. f4 Rb5
21. Bd4 Rb4 22. Be3 Bd5
0-1

[Event "Beat the rock solid Petroff defense "]
[Site "SchemingMind.com"]
[Date "2007.09.15"]
[Round "-"]
[White "Theodoric"]
[Black "Fred Fanelli"]
[Result "1-0"]
[WhiteCountry "ENG"]
[BlackCountry "USA"]
[WhiteElo "1828"]
[WhiteRD "57"]
[BlackElo "1575"]
[BlackRD "85"]
[GameID "120671"]

1. e4 e5 2. Nf3 Nf6 3. d4 exd4 4. e5 Qe7 5. Be2 Ng4 6. Nxd4 Nxe5 7. O-O d6 8. Re1 Qd7 9. Nc3 Nbc6 10. Nxc6 Qxc6
11. Bb5 Qxb5 12. Nxb5 Kd8 13. Rxe5 Bd7 14. Nxc7 Kxc7 15. Re1 Bc6 16. Be3 Be7 17. Bxa7 Bf6 18. Bd4 Rhg8 19. Bxf6 gxf6 20. Re7+ Kb6
21. Qd4+ Ka6 22. g3
1-0

[Event "Beat the rock solid Petroff defense "]
[Site "SchemingMind.com"]
[Date "2007.09.17"]
[Round "-"]
[White "adamsrichg"]
[Black "Dariusz1968"]
[Result "1-0"]
[WhiteCountry "USA"]
[BlackCountry "POL"]
[WhiteElo "1961"]
[WhiteRD "77"]
[BlackElo "1332"]
[BlackRD "53"]
[GameID "121065"]

1. e4 e5 2. Nf3 Nf6 3. Nxe5 Nxe4 4. Qe2 d5 5. d3 Bb4+ 6. c3 Bd6 7. Nf3 Bf5 8. dxe4 Bxe4 9. Nbd2 f5 10. Nxe4 dxe4
11. Nd4 g6 12. Bd2 Nc6 13. Nxc6 bxc6 14. Qc4 Qd7 15. Be2 h6 16. f3 Rb8 17. Rb1 Qe7 18. Qxc6+ Kf8 19. fxe4 f4 20. O-O g5
21. Bh5 Rd8 22. Rbd1 Rh7 23. c4 Bc5+ 24. Kh1 Rd6 25. Qxc5 Qd7 26. Bb4 Kg8 27. Rxd6 cxd6 28. Qxd6 Qxd6 29. Bxd6 Rd7 30. e5 Kg7
31. c5 f3 32. Rxf3 g4 33. Bxg4 Rb7 34. b3
1-0

[Event "Beat the rock solid Petroff defense "]
[Site "SchemingMind.com"]
[Date "2007.09.17"]
[Round "-"]
[White "Dariusz1968"]
[Black "adamsrichg"]
[Result "0-1"]
[WhiteCountry "POL"]
[BlackCountry "USA"]
[WhiteElo "1332"]
[WhiteRD "53"]
[BlackElo "1961"]
[BlackRD "77"]
[GameID "121071"]

1. e4 e5 2. Nf3 Nf6 3. Bc4 Nxe4 4. Nxe5 d5 5. Qf3 Be6 6. Bb5+ c6 7. Ba4 Bd6 8. d3 Nc5 9. Nxf7 Bxf7 10. Bb3 Nxb3
11. Qe3+ Qe7 12. Qxe7+ Bxe7 13. axb3 O-O 14. Be3 a6 15. O-O Bf6 16. c3 Nd7 17. d4 Rae8 18. Nd2 Bg6 19. Rae1 Re7 20. f4 Rfe8
21. Bf2 Rxe1 22. Rxe1 Rxe1+ 23. Bxe1 Be7 24. Nf3 Bd6 25. Bg3 Be4 26. Ng5 Bf5 27. Kf2 Nf6 28. h3 Ne4+ 29. Kf3 Nxg5+ 30. Ke3 Ne4
31. Be1 Kf7 32. g4 Bd7 33. b4 b6
0-1

[Event "Beat the rock solid Petroff defense "]
[Site "SchemingMind.com"]
[Date "2007.09.23"]
[Round "-"]
[White "AlekhineKid"]
[Black "marks"]
[Result "1-0"]
[WhiteCountry "USA"]
[BlackCountry "PHI"]
[WhiteElo "1902"]
[WhiteRD "79"]
[BlackElo "1722"]
[BlackRD "64"]
[GameID "121189"]

1. e4 e5 2. Nf3 Nf6 3. Nxe5 Bd6 4. Nc4 Nxe4 5. Qe2 O-O 6. d3 Nf6 7. Nxd6 cxd6 8. Nc3 d5 9. Be3 Re8 10. d4 Nc6
11. O-O-O d6 12. h3 a6 13. Qf3 Be6 14. Bg5 h6 15. Bxf6 Qxf6 16. Qxf6 gxf6 17. Be2 b5 18. Bf3 Ne7 19. a3 Rec8 20. Rhe1 Ra7
21. Ne2 Ng6 22. Ng3 Nf4 23. Nh5 Nxh5 24. Bxh5 Rac7 25. c3 a5 26. Kd2 b4 27. Rc1 bxc3+ 28. Rxc3 Rxc3 29. bxc3 Rb8 30. Bd1 Rb2+
31. Bc2 Ra2 32. g4 h5 33. Re3 hxg4 34. hxg4 Bxg4 35. Rg3 f5 36. f3 Rxa3 37. fxg4 fxg4 38. Kc1 Ra1+ 39. Kb2 Rf1 40. Rxg4+ Kf8
41. Rg5 Rf2 42. Rxd5 a4 43. Ra5 a3+ 44. Rxa3 Ke7 45. c4 Kd7 46. Rh3 Kc6 47. Rh5 Rf4 48. Kc3 f6 49. Rf5 Rxf5 50. Bxf5 Kc7
51. Kb4 Kb6 52. Be6 Kc6 53. Ka5 Kb7 54. Kb5 Kc7 55. Ka6 Kc6 56. Bf5 Kc7 57. d5 Kd8 58. Kb7
1-0

[Event "Beat the rock solid Petroff defense "]
[Site "SchemingMind.com"]
[Date "2007.09.18"]
[Round "-"]
[White "Rotceh"]
[Black "jdcald13"]
[Result "1/2-1/2"]
[WhiteCountry "MEX"]
[BlackCountry "USA"]
[WhiteElo "1633"]
[WhiteRD "64"]
[BlackElo "1907"]
[BlackRD "49"]
[GameID "121190"]

1. e4 e5 2. Nf3 Nf6 3. Nxe5 d6 4. Nf3 Nxe4 5. d4 d5 6. Bd3 Bg4 7. c3 Be7 8. Qc2 Bxf3 9. gxf3 Nf6 10. Bg5 h6
11. Bh4 O-O 12. Nd2 Nh5 13. Bg3 c5 14. dxc5 Bxc5 15. O-O-O Nc6 16. Nb3 Be7 17. Be4 Nf6 18. Bf5 a5 19. Nd4 Nxd4 20. Rxd4 b5
21. Rhd1 b4 22. cxb4 axb4 23. b3 Ra5 24. Kb1 Qa8 25. Be5 Rc5 26. Qb2 Qa5 27. Bh3 Ra8 28. Bg2 Rac8 29. R4d2 Nh5 30. Bh3 R8c6
31. Bd4 Bf6 32. Bxf6 Rxf6 33. Bg2 Nf4 34. Bf1 Rc3 35. Bd3 Qc5 36. Ka1 Nxd3 37. Rxd3 Rxf3 38. Rxd5 Qxf2 39. Qxf2 Rxf2 40. R5d2 Rc2
41. Rxc2 Rxc2 42. h4 Rc5 43. Rd8+ Kh7 44. Rb8 g5 45. Rxb4 f5 46. Kb2 g4 47. Rd4 g3 48. b4 g2 49. bxc5 g1=Q 50. Rc4 f4
51. c6 f3 52. c7 f2 53. c8=Q Qg7+ 54. Kb3 f1=Q 55. Rc7 Qb1+ 56. Ka4 Qxa2+ 57. Kb5 Qe2+ 58. Kb6 Qf2+ 59. Kb5 Qb2+ 60. Ka4 Qa2+=
1/2-1/2

[Event "Beat the rock solid Petroff defense "]
[Site "SchemingMind.com"]
[Date "2007.09.23"]
[Round "-"]
[White "marks"]
[Black "AlekhineKid"]
[Result "0-1"]
[WhiteCountry "PHI"]
[BlackCountry "USA"]
[WhiteElo "1732"]
[WhiteRD "63"]
[BlackElo "1942"]
[BlackRD "78"]
[GameID "121198"]

1. e4 e5 2. Nf3 Nf6 3. Nxe5 d6 4. Nf3 Nxe4 5. Bb5+ c6 6. Ba4 Be7 7. O-O O-O 8. d4 Bg4 9. Qd3 Bxf3 10. Qxf3 d5
11. c4 Bg5 12. cxd5 Bxc1 13. Rxc1 Qxd5 14. Nc3 Nxc3 15. Qxc3 Nd7 16. Re1 Rae8 17. Rad1 Nf6 18. Bb3 Qd7 19. Qd3 Rxe1+ 20. Rxe1 Re8
21. Rxe8+ Qxe8 22. Qe3 Kf8 23. h3 a6 24. Bc2 h6 25. b4 Qxe3 26. fxe3 Nd5 27. e4 Nxb4 28. Bb3 f6 29. Kf2 a5 30. Ke3 Ke7
31. g4 g5 32. Kd2 Kd6 33. Kc3 c5 34. Kc4 cxd4 35. Kxd4 b5 36. a3 Nc6+ 37. Ke3 Ke5 38. Bd1 b4 39. axb4 axb4 40. Bb3 Nd4
41. Bd5 Ne6 42. Bc4 Nf4 43. Bb3 Nxh3 44. Bf7 Nf4 45. Bg8 Ne6 46. Kd3 Nc5+ 47. Kc4 Nxe4 48. Kxb4 Kf4 49. Be6 Nf2 50. Kc3 Nxg4
51. Kd3 Ne5+ 52. Ke2 h5 53. Kf2 f5 54. Bc8 Ng4+ 55. Kg2 Ne3+ 56. Kf2 g4 57. Bb7 h4 58. Kg1 Kg3 59. Bc6 f4 60. Be4 f3
61. Bxf3 gxf3 62. Kh1 h3 63. Kg1 f2+ 64. Kh1 f1=Q#
0-1

[Event "Beat the rock solid Petroff defense "]
[Site "SchemingMind.com"]
[Date "2007.09.18"]
[Round "-"]
[White "jdcald13"]
[Black "Rotceh"]
[Result "1-0"]
[WhiteCountry "USA"]
[BlackCountry "MEX"]
[WhiteElo "1914"]
[WhiteRD "55"]
[BlackElo "1603"]
[BlackRD "64"]
[GameID "121199"]

1. e4 e5 2. Nf3 Nf6 3. Nxe5 d6 4. Nf3 Nxe4 5. d4 d5 6. Bd3 Be7 7. O-O O-O 8. Re1 Nc6 9. Bxe4 dxe4 10. Rxe4 Bf5
11. Rf4 Qd7 12. d5 Nb4 13. Nd4 Bg6 14. Nc3 Nxd5 15. Nf3 Nf6 16. Rd4 Qe6 17. Bf4 Bc5 18. Rd2 c6 19. Qe1 Qxe1+ 20. Rxe1 Bb4
21. a3 Bxc3 22. bxc3 Nd5 23. Be5 Rfe8 24. c4 Nb6 25. c5 Nc4 26. Rd7 Nxe5 27. Rxe5 Rxe5 28. Nxe5 Rb8 29. Nxg6 hxg6 30. f4 Kf8
31. Kf2 Ke8 32. Rc7 Kf8 33. Ke3 a6 34. Kd4 Rd8+ 35. Kc3 Rd5 36. Kb4 Rd4+ 37. Ka5 Rxf4 38. Rxb7 Rc4 39. Kb6 Rxc2 40. Kxc6 Ra2
41. Rb3 Rxg2 42. h3 Ke7 43. Kb7 Rd2 44. c6
1-0

[Event "Beat the rock solid Petroff defense "]
[Site "SchemingMind.com"]
[Date "2007.09.25"]
[Round "-"]
[White "Shanks"]
[Black "MotoXRider31"]
[Result "0-1"]
[WhiteCountry "ENG"]
[BlackCountry "USA"]
[WhiteElo "1493"]
[WhiteRD "79"]
[BlackElo "2145"]
[BlackRD "89"]
[GameID "121478"]

1. e4 e5 2. Nf3 Nf6 3. Nxe5 Qe7 4. d4 d6 5. Nf3 Nxe4 6. Be2 d5 7. a3 Bg4 8. Be3 Nd7 9. c3 O-O-O 10. Qc2 f5
11. Nbd2 Nxd2 12. Qxd2 Bxf3 13. gxf3 Re8 14. O-O-O f4 15. Bxf4 Qxe2 16. Qxe2 Rxe2 17. Be3 Nb6 18. Rhe1 Rxe1 19. Rxe1 Bd6 20. h4 Rf8
21. Kb1 Rxf3 22. Re2 Rh3 23. Bg5 Kd7 24. Re1 h6 25. Bc1 Rxh4 26. Ka2 Rh2 27. f3 g5 28. Rf1 a5 29. f4 g4 30. f5 Ke7
31. f6+ Kf7 32. Bf4 Bxf4 33. Rxf4 g3 34. Rf3 g2 35. Rg3 a4 36. Rg7+ Kxf6 37. Rxc7 g1=Q 38. Rxb7 Rh1 39. Rxb6+ Kf5 40. Rb5 Qa1#
0-1

[Event "Beat the rock solid Petroff defense "]
[Site "SchemingMind.com"]
[Date "2007.09.25"]
[Round "-"]
[White "MotoXRider31"]
[Black "Shanks"]
[Result "1-0"]
[WhiteCountry "USA"]
[BlackCountry "ENG"]
[WhiteElo "2073"]
[WhiteRD "96"]
[BlackElo "1509"]
[BlackRD "80"]
[GameID "121484"]

1. e4 e5 2. Nf3 Nf6 3. Nxe5 d6 4. Nf3 Nxe4 5. Qe2 Qe7 6. d3 Nf6 7. Bg5 Qxe2+ 8. Bxe2 Be7 9. d4 Nbd7 10. Nc3 h6
11. Nb5 Bd8 12. Bf4 a6 13. Nc3 Be7 14. O-O O-O 15. Rfe1 c6 16. Bxa6 Re8 17. Bd3 Nd5 18. Nxd5 cxd5 19. Bxd6 Nf6 20. Rxe7 Rxe7
21. Bxe7 Ne4 22. c4 Be6 23. Bxe4 dxe4 24. Nd2 Bf5 25. d5 Ra6 26. a3 Rg6 27. Kh1 Kh8 28. Re1 Rb6 29. Bb4 Bg6 30. Nxe4 f5
31. d6 fxe4 32. d7 Re6 33. d8=Q+ Re8 34. Qc7 e3 35. Rxe3 Rxe3 36. fxe3 h5 37. Bc3 Kh7 38. Qxg7#
1-0

[Event "Beat the rock solid Petroff defense "]
[Site "SchemingMind.com"]
[Date "2007.10.10"]
[Round "-"]
[White "Tahur"]
[Black "tacticrules"]
[Result "1-0"]
[WhiteCountry "ARG"]
[BlackCountry "GER"]
[WhiteElo "1964"]
[WhiteRD "52"]
[BlackElo "1405"]
[BlackRD "54"]
[GameID "124036"]

1. e4 e5 2. Nf3 Nf6 3. Nxe5 d6 4. Nf3 Nxe4 5. d4 d5 6. Bd3 Nc6 7. O-O Be7 8. Re1 Bf5 9. Nbd2 Nxd2 10. Qxd2 Bxd3
11. Qxd3 O-O 12. c3 Re8 13. Bf4 Bd6 14. Rxe8+ Qxe8 15. Bxd6 cxd6 16. Ng5 g6 17. Qb5 Qd7 18. Qxd5 Re8 19. b3 h6 20. Ne4 Kg7
21. Qxd6 Qxd6 22. Nxd6 Re7 23. f4
1-0

[Event "Beat the rock solid Petroff defense "]
[Site "SchemingMind.com"]
[Date "2007.10.10"]
[Round "-"]
[White "tacticrules"]
[Black "Tahur"]
[Result "0-1"]
[WhiteCountry "GER"]
[BlackCountry "ARG"]
[WhiteElo "1570"]
[WhiteRD "48"]
[BlackElo "1895"]
[BlackRD "55"]
[GameID "124043"]

1. e4 e5 2. Nf3 Nf6 3. Nxe5 d6 4. Nf3 Nxe4 5. Nc3 Nxc3 6. dxc3 Be7 7. Be3 O-O 8. Qd2 Bg4 9. Be2 Nc6 10. O-O-O Re8
11. h3 Be6 12. Kb1 Ne5 13. Nxe5 dxe5 14. Qe1 Qc8 15. g4 Rd8 16. Rxd8+ Qxd8 17. f4 Qd6 18. Qf2 Qd5 19. Rg1 Qxa2+ 20. Kc1 Rd8
0-1

[Event "Beat the rock solid Petroff defense "]
[Site "SchemingMind.com"]
[Date "2007.10.28"]
[Round "-"]
[White "loco61"]
[Black "Theodoric"]
[Result "1/2-1/2"]
[WhiteCountry "ENG"]
[BlackCountry "ENG"]
[WhiteElo "1554"]
[WhiteRD "66"]
[BlackElo "1830"]
[BlackRD "60"]
[GameID "125881"]

1. e4 e5 2. Nf3 Nf6 3. Nc3 Bb4 4. d3 Bxc3+ 5. bxc3 d6 6. h3 O-O 7. Be2 Nc6 8. Bg5 h6 9. Bh4 Be6 10. Qd2 Nb8
11. g4 Nbd7 12. g5 hxg5 13. Bxg5 Re8 14. h4 Kf8 15. h5 Ke7 16. h6 Rh8 17. d4 Qf8 18. d5 Bg4 19. O-O-O gxh6 20. Bxh6 Rxh6
21. Rxh6 Nxe4 22. Qe3 Ndf6 23. Rdh1 Qg7 24. c4 b6 25. Nh4 Qg5 26. Qxg5 Nxg5 27. Bxg4 Nxg4 28. Nf5+ Kd7 29. R6h5 Nxf2 30. Rf1 Nge4
31. Rh7 Rf8 32. Nh6 Ke8 33. Rg1 Nf6 34. Rhg7 Nh3 35. Rf1 Nf4 36. Kb2 Ne4 37. Rfg1 Nf6 38. Kb3 N4h5 39. R7g5 Nf4 40. Rf1 Ne4
41. Rxf4 Nxg5 42. Rf5 Ne4 43. Kb4 a6 44. a4 Nc5 45. a5 bxa5+ 46. Kxa5 e4 47. Rf2 f6 48. Kb4 Ke7 49. Nf5+ Kd7 50. Nd4 Rb8+
51. Kc3 e3 52. Re2 Na4+ 53. Kd3 Nb2+ 54. Kc3 Na4+=
1/2-1/2

[Event "Beat the rock solid Petroff defense "]
[Site "SchemingMind.com"]
[Date "2007.10.29"]
[Round "-"]
[White "Theodoric"]
[Black "loco61"]
[Result "1-0"]
[WhiteCountry "ENG"]
[BlackCountry "ENG"]
[WhiteElo "1850"]
[WhiteRD "58"]
[BlackElo "1535"]
[BlackRD "66"]
[GameID "125886"]

1. e4 e5 2. Nf3 Nf6 3. d4 exd4 4. e5 Nd5 5. Qxd4 Nb6 6. Bd3 Nc6 7. Qe3 d6 8. exd6+ Ne7 9. dxe7 Qxe7 10. O-O Qxe3
11. Bxe3 Be6 12. Bxb6 axb6 13. Re1 Bd6 14. Bc4 Kd7 15. Bxe6+ fxe6 16. Nc3 Ra5 17. Rad1 Ke7 18. a3 Rd8 19. Rd3 h6 20. Nd4 e5
21. Nf5+ Kf6 22. Nxd6 Rxd6 23. Ne4+
1-0

[Event "Beat the rock solid Petroff defense "]
[Site "SchemingMind.com"]
[Date "2007.11.30"]
[Round "-"]
[White "jdcald13"]
[Black "adamsrichg"]
[Result "1/2-1/2"]
[WhiteCountry "USA"]
[BlackCountry "USA"]
[WhiteElo "1948"]
[WhiteRD "47"]
[BlackElo "1890"]
[BlackRD "73"]
[GameID "131034"]

1. e4 e5 2. Nf3 Nf6 3. Nxe5 d6 4. Nf3 Nxe4 5. d4 d5 6. Bd3 Bd6 7. O-O O-O 8. c4 c6 9. Nc3 Nxc3 10. bxc3 dxc4
11. Bxc4 Bg4 12. h3 Bh5 13. Bg5 Bxf3 14. Qd2 Qd7 15. gxf3 Qxh3 16. Bf4 Bxf4 17. Qxf4 Nd7 18. Qg4 Qxg4+ 19. fxg4 Rfe8 20. Rfe1 Kf8
21. Kg2 Nb6 22. Bb3 Rad8 23. f4 Nd5 24. Bxd5 Rxd5 25. Rxe8+ Kxe8 26. Re1+ Kd7 27. Kf3 Ra5 28. Re2 Ra3 29. Rc2 Kd6 30. Ke4 c5
31. dxc5+ Kxc5 32. g5 Ra4+ 33. Ke5 f6+ 34. gxf6 gxf6+ 35. Kf5 Kc4 36. Kxf6 Kd3 37. Rf2 Ke3 38. Rh2 Rxf4+ 39. Ke6 Ra4 40. Rxh7 b6
41. Kd5 Kd2 42. c4= Kc3 43. Rh3+ Kb2 44. a3 Ka2 45. Rg3 Rxa3=
1/2-1/2

[Event "Beat the rock solid Petroff defense "]
[Site "SchemingMind.com"]
[Date "2007.11.30"]
[Round "-"]
[White "adamsrichg"]
[Black "jdcald13"]
[Result "0-1"]
[WhiteCountry "USA"]
[BlackCountry "USA"]
[WhiteElo "1890"]
[WhiteRD "73"]
[BlackElo "1948"]
[BlackRD "47"]
[GameID "131040"]

1. e4 e5 2. Nf3 Nf6 3. Nxe5 d6 4. Nf3 Nxe4 5. c4 Be7 6. d4 O-O 7. Bd3 Nf6 8. O-O d5 9. Nc3 c6 10. h3 Nbd7
11. cxd5 Nxd5 12. Nxd5 cxd5 13. Bf4 Nf6 14. Re1 Bd6 15. Qd2 Bxf4 16. Qxf4 Be6 17. Rac1 Qb6 18. b3 Rac8 19. Ng5 h6 20. Nf3 Ne4
21. Bxe4 dxe4 22. Qxe4 Rxc1 23. Rxc1 Rd8 24. Qf4 Qa6 25. Rc2 Qd3 26. Rc7 Bd5 27. Qd2 Qb1+ 28. Rc1 Qg6 29. Qe3 Bxf3 30. Qxf3 Rxd4
31. Qxb7 a6 32. Qc6 Rd1+ 33. Kh2 Qd6+ 34. Qxd6 Rxd6 35. Rc2 Kf8 36. Kg3 Ke7 37. Kf4 h5 38. h4 Rd4+ 39. Kg5 Rg4+ 40. Kxh5 Rxg2
41. b4 f5 42. a4 Rg4 43. Rb2 Kf6
0-1

[Event "Beat the rock solid Petroff defense "]
[Site "SchemingMind.com"]
[Date "2007.12.05"]
[Round "-"]
[White "AlekhineKid"]
[Black "MotoXRider31"]
[Result "0-1"]
[WhiteCountry "USA"]
[BlackCountry "USA"]
[WhiteElo "1861"]
[WhiteRD "77"]
[BlackElo "2177"]
[BlackRD "88"]
[GameID "132068"]

1. e4 e5 2. Nf3 Nf6 3. Nc3 Bb4 4. Nxe5 O-O 5. Be2 Re8 6. Nd3 Bxc3 7. dxc3 Nxe4 8. O-O Nc6 9. Nf4 d6 10. c4 Be6
0-1

[Event "Beat the rock solid Petroff defense "]
[Site "SchemingMind.com"]
[Date "2008.01.08"]
[Round "-"]
[White "Theodoric"]
[Black "jdcald13"]
[Result "0-1"]
[WhiteCountry "ENG"]
[BlackCountry "USA"]
[WhiteElo "1834"]
[WhiteRD "59"]
[BlackElo "1948"]
[BlackRD "47"]
[GameID "136703"]

1. e4 e5 2. Nf3 Nf6 3. d4 Nxe4 4. Bd3 d5 5. Nxe5 Nd7 6. Qe2 Nxe5 7. Bxe4 dxe4 8. Qxe4 Be6 9. dxe5 Bd5 10. Qg4 Be6
11. Qe4 Bd5 12. Qg4 Be6 13. Qe2 Qd7 14. O-O O-O-O 15. Nc3 Bb4 16. Rd1 Qc6 17. Rxd8+ Rxd8 18. Ne4 Qxe4 19. Be3 Rd2 20. Qb5 Bd7
21. Qf1 Rxc2 22. a3 Bd2 23. Bxd2 Rxd2
0-1

[Event "Beat the rock solid Petroff defense "]
[Site "SchemingMind.com"]
[Date "2008.01.08"]
[Round "-"]
[White "jdcald13"]
[Black "Theodoric"]
[Result "1-0"]
[WhiteCountry "USA"]
[BlackCountry "ENG"]
[WhiteElo "1953"]
[WhiteRD "49"]
[BlackElo "1812"]
[BlackRD "60"]
[GameID "136714"]

1. e4 e5 2. Nf3 Nf6 3. Nc3 Nc6 4. g3 Bb4 5. d3 Bxc3+ 6. bxc3 h6 7. Bg2 d6 8. O-O O-O 9. Re1 Ne7 10. d4 Bg4
11. h3 Bh5 12. Rb1 b6 13. g4 Nxg4 14. hxg4 Bxg4 15. dxe5 dxe5 16. Qxd8 Raxd8 17. Nxe5 Be6 18. a4 f6 19. Ba3 c5 20. Nd3 Nc6
21. e5 Nxe5 22. Nxe5 fxe5 23. Rxe5 Bd7 24. a5 Rf6 25. axb6 axb6 26. Rd1 Kf8 27. Red5 Ke7 28. Bh3 Bxh3 29. Rxd8 Rg6+ 30. Kh2 Bf5
31. R8d5
1-0

[Event "Beat the rock solid Petroff defense "]
[Site "SchemingMind.com"]
[Date "2008.01.17"]
[Round "-"]
[White "Tahur"]
[Black "MotoXRider31"]
[Result "0-1"]
[WhiteCountry "ARG"]
[BlackCountry "USA"]
[WhiteElo "1979"]
[WhiteRD "54"]
[BlackElo "2172"]
[BlackRD "79"]
[GameID "137709"]

1. e4 e5 2. Nf3 Nf6 3. d4 exd4 4. e5 Ne4 5. Qe2 Nc5 6. Nxd4 Nc6 7. Nxc6 bxc6 8. Nd2 Be7 9. a3 O-O 10. b4 Ne6
11. Qh5 f6 12. Bd3 g6 13. Bxg6 hxg6 14. Qxg6+ Ng7 15. Ne4 Qe8 16. Qg3 fxe5 17. Bh6 Rf7 18. Qg6 d5 19. Ng3 Qd7 20. O-O Qd6
21. Qxd6 cxd6 22. f4 e4 23. Bg5 Ba6 24. Rf2 Raf8 25. Bh6 Bd8 26. Rd2 Bb6+ 27. Kh1 e3 28. Rdd1 e2 29. Rd2 Re8 30. Re1 Bf2
31. Rexe2 Bxe2 32. Rxe2 Rxe2 33. Nxe2 Re7 34. Ng1 Re1 35. h3 Nf5 36. h4 Rxg1+ 37. Kh2 Ne3 38. h5 Rxg2+ 39. Kh3 Rg3+
0-1

[Event "Beat the rock solid Petroff defense "]
[Site "SchemingMind.com"]
[Date "2008.01.17"]
[Round "-"]
[White "MotoXRider31"]
[Black "Tahur"]
[Result "1/2-1/2"]
[WhiteCountry "USA"]
[BlackCountry "ARG"]
[WhiteElo "2138"]
[WhiteRD "79"]
[BlackElo "1951"]
[BlackRD "60"]
[GameID "137717"]

1. e4 e5 2. Nf3 Nf6 3. Nxe5 d6 4. Nf3 Nxe4 5. Qe2 Qe7 6. d3 Nf6 7. Bg5 Bg4 8. Bxf6 gxf6 9. Nc3 Bxf3 10. gxf3 Qxe2+
11. Kxe2 Nc6 12. Re1 O-O-O 13. Bh3+ Kb8 14. Nd5 Nd4+ 15. Kd1 f5 16. f4 c6 17. c3 cxd5 18. cxd4 Bg7 19. Bxf5 Bxd4 20. Re7 Bxb2
21. Kc2= Bd4 22. Rb1 b6 23. Rb5 Rhe8 24. Rxe8 Rxe8 25. Rxd5 Bxf2 26. Rxd6 Be3 27. Rh6 Bxf4 28. Rxh7 Re7 29. h4 Kc7 30. Bg6 Kd6
31. Bxf7 Rc7+ 32. Kb3 a6 33. d4 Bd2 34. Rg7 Rc3+ 35. Kb2 Rc7 36. Rg6+ Ke7 37. Bg8 Bc3+ 38. Kc2 Bxd4+= 39. Kd3 Rd7 40. h5 Bc5+
41. Ke4 Rd4+ 42. Kf5 Rd2 43. h6 Rf2+ 44. Ke4 Re2+ 45. Kf4 Rf2+ 46. Kg3 Rf6 47. Rxf6 Kxf6 48. Kf3=
1/2-1/2

[Event "Beat the rock solid Petroff defense "]
[Site "SchemingMind.com"]
[Date "2008.05.14"]
[Round "-"]
[White "jdcald13"]
[Black "MotoXRider31"]
[Result "0-1"]
[WhiteCountry "USA"]
[BlackCountry "USA"]
[WhiteElo "1968"]
[WhiteRD "66"]
[BlackElo "2008"]
[BlackRD "75"]
[GameID "154171"]

1. e4 e5 2. Nf3 Nf6 3. Nc3 Nc6 4. g3 d5 5. exd5 Nxd5 6. Qe2 Ndb4 7. d3 Bg4 8. Bg2 Bxf3 9. Bxf3 Nd4 10. Qxe5+ Qe7
11. Qxe7+ Bxe7
0-1